[Event "Titled Tue 10th Jun Late"]
[Site "chess.com INT"]
[Date "2025.06.10"]
[Round "11"]
[White "Niemann, Hans Moke"]
[Black "Materia, Marco"]
[Result "1/2-1/2"]
[WhiteTitle "GM"]
[BlackTitle "IM"]
[WhiteElo "2736"]
[BlackElo "2489"]
[WhiteFideId "2093596"]
[BlackFideId "45150451"]
[EventDate "2025.06.10"]

1. e4 c6 2. Nf3 d5 3. d3 Bg4 4. h3 Bxf3 5. Qxf3 e6 6. g3 Nd7 7. Bg2 Ngf6 8. Qe2
Bc5 9. e5 Ng8 10. c3 Ne7 11. d4 Bb6 12. Nd2 c5 13. Nf3 Nc6 14. Be3 cxd4 15. cxd4
f6 16. exf6 Qxf6 17. Rd1 O-O 18. O-O Rae8 19. a3 h6 20. Rfe1 Kh8 21. b4 e5 22.
dxe5 Ncxe5 23. Nxe5 Rxe5 24. Rxd5 Bxe3 25. fxe3 Rxd5 26. Bxd5 Qe5 27. Bxb7 Qxg3+
28. Bg2 Ne5 29. Rf1 Rxf1+ 30. Kxf1 Qh4 31. Kg1 g5 32. Qf2 Qxf2+ 33. Kxf2 Nc4 34.
Bf1 Nxa3 35. Bd3 Kg7 36. Kf3 h5 37. Kg3 Kf6 38. h4 a6 39. Be2 Nc2 40. Bxa6 Nxb4
41. Be2 Nd5 42. Bxh5 gxh4+ 43. Kh3 Nxe3 44. Kxh4 1/2-1/2

[Event "Titled Tue 10th Jun Late"]
[Site "chess.com INT"]
[Date "2025.06.10"]
[Round "11"]
[White "Cagara, Paulina"]
[Black "Tran Le Vy"]
[Result "0-1"]
[BlackTitle "WFM"]
[WhiteElo "2074"]
[BlackElo "1854"]
[WhiteFideId "1124870"]
[BlackFideId "12423599"]
[EventDate "2025.06.10"]

1. e4 e5 2. Nf3 Nc6 3. c3 Nf6 4. d4 exd4 5. e5 Ne4 6. cxd4 Bb4+ 7. Nbd2 d5 8. a3
Bxd2+ 9. Bxd2 Bg4 10. Be2 O-O 11. b4 Bxf3 12. gxf3 Ng5 13. h4 Ne6 14. Be3 f6 15.
f4 fxe5 16. fxe5 Qe7 17. b5 Ncd8 18. Qd3 a6 19. bxa6 Rxa6 20. Qd2 Rxa3 21. Rc1
Nc6 22. Bg4 Na5 23. Bxe6+ Qxe6 24. Rxc7 Nc4 25. Qc1 Rfa8 26. O-O Qg4+ 27. Kh1
Qxh4+ 28. Kg2 R3a6 29. Bg5 Rg6 30. f4 Ra2+ 31. Kf3 Qh3# 0-1

[Event "Titled Tue 10th Jun Late"]
[Site "chess.com INT"]
[Date "2025.06.10"]
[Round "11"]
[White "Ragger, Markus"]
[Black "Gelman, Alexander"]
[Result "1-0"]
[WhiteTitle "GM"]
[BlackTitle "IM"]
[WhiteElo "2566"]
[BlackElo "2403"]
[WhiteFideId "1610856"]
[BlackFideId "4118316"]
[EventDate "2025.06.10"]

1. d4 Nf6 2. c4 c5 3. d5 b5 4. cxb5 a6 5. bxa6 e6 6. Nc3 exd5 7. Nxd5 Nxa6 8.
Nf3 Nxd5 9. Qxd5 Nc7 10. Qd1 d5 11. e3 Bd6 12. Be2 Qf6 13. O-O O-O 14. Rb1 Rxa2
15. b4 cxb4 16. Nd4 Bd7 17. Bb2 Qh6 18. g3 Rb8 19. Bg4 Bxg4 20. Qxg4 Qg6 21. Qd7
h5 22. Nf5 Ne8 23. Be5 Qg4 24. Bxd6 Nxd6 25. Qxd6 1-0

[Event "Titled Tue 10th Jun Late"]
[Site "chess.com INT"]
[Date "2025.06.10"]
[Round "11"]
[White "Guha, Eshan"]
[Black "Labussiere, Victor"]
[Result "0-1"]
[BlackTitle "FM"]
[WhiteElo "2071"]
[BlackElo "2312"]
[WhiteFideId "30958628"]
[BlackFideId "2183129"]
[EventDate "2025.06.10"]

1. b3 d5 2. Bb2 Bf5 3. e3 e6 4. Nf3 h6 5. c4 c6 6. Nc3 Nf6 7. d4 Nbd7 8. Be2 Bd6
9. O-O O-O 10. Rc1 Qe7 11. c5 Bc7 12. b4 a6 13. h3 e5 14. dxe5 Nxe5 15. Nd4 Bd7
16. Nb1 Ne4 17. Nd2 Nxd2 18. Qxd2 Qh4 19. f4 Ng6 20. f5 Ne5 21. Rf4 Qg3 22. Nf3
Nxf3+ 23. Rxf3 Qh2+ 24. Kf2 Rae8 25. Bxg7 Kxg7 26. f6+ Kh8 27. e4 Kh7 28. exd5
cxd5 29. Qxd5 Rxe2+ 30. Kxe2 Qxg2+ 31. Kd1 Ba4+ 0-1

[Event "Titled Tue 10th Jun Late"]
[Site "chess.com INT"]
[Date "2025.06.10"]
[Round "11"]
[White "Marino Bravo, Miguel Angel"]
[Black "Nalbandyan, Vahan"]
[Result "1-0"]
[WhiteTitle "CM"]
[BlackTitle "CM"]
[WhiteElo "2134"]
[BlackElo "2155"]
[WhiteFideId "2208970"]
[BlackFideId "13309439"]
[EventDate "2025.06.10"]

1. d4 Nf6 2. Bf4 e6 3. e3 c5 4. Nf3 b6 5. Nc3 Bb7 6. Nb5 Na6 7. Bd6 Ne4 8. dxc5
bxc5 9. Bxf8 Kxf8 10. Nd6 Nxd6 11. Qxd6+ Qe7 12. Qd2 Bxf3 13. gxf3 Nb4 14. c3
Nc6 15. f4 g6 16. Bg2 Rc8 17. Rd1 d5 18. O-O Kg7 19. c4 d4 20. Bxc6 Rxc6 21.
exd4 cxd4 22. Qxd4+ Qf6 23. b4 Rhc8 24. c5 a5 25. a3 axb4 26. axb4 Rb8 27. Qxf6+
Kxf6 28. Rd4 Ra6 29. Rb1 Rb5 30. Rc4 Ke7 31. c6 Kd6 32. c7 1-0

[Event "Titled Tue 10th Jun Late"]
[Site "chess.com INT"]
[Date "2025.06.10"]
[Round "11"]
[White "Aranda, Juan Manuel"]
[Black "Watanabe, Akira"]
[Result "0-1"]
[WhiteTitle "CM"]
[BlackTitle "FM"]
[WhiteElo "2134"]
[BlackElo "2284"]
[WhiteFideId "160458"]
[BlackFideId "7000227"]
[EventDate "2025.06.10"]

1. Nf3 Nf6 2. g3 g6 3. Bg2 Bg7 4. O-O O-O 5. d3 d5 6. Nc3 b6 7. e4 Bb7 8. e5
Nfd7 9. e6 fxe6 10. Ng5 Rf6 11. Re1 Nf8 12. Bh3 Bc8 13. Bf4 h6 14. Nf3 g5 15.
Be5 Rf7 16. Bxg7 Kxg7 17. Ne5 Rf6 18. Qh5 Bb7 19. Ng4 Rg6 20. Ne5 Rf6 21. d4
Nbd7 22. Rad1 Nxe5 23. dxe5 Rf7 24. f4 Qe8 25. fxg5 Rf1+ 26. Rxf1 Qxh5 27. gxh6+
Qxh6 28. Bg2 Qe3+ 29. Kh1 Ng6 30. Rd3 Qxe5 31. Rdf3 Rf8 0-1

[Event "Titled Tue 10th Jun Late"]
[Site "chess.com INT"]
[Date "2025.06.10"]
[Round "11"]
[White "Giang, Tran Nam"]
[Black "Winkels, Marcel"]
[Result "1-0"]
[WhiteTitle "FM"]
[BlackTitle "CM"]
[WhiteElo "2182"]
[BlackElo "1905"]
[WhiteFideId "791903"]
[BlackFideId "1003887"]
[EventDate "2025.06.10"]

1. e4 d6 2. d4 Nf6 3. Nc3 e5 4. dxe5 dxe5 5. Qxd8+ Kxd8 6. Nf3 Bd6 7. Bc4 Be6 8.
Bxe6 fxe6 9. h3 Nbd7 10. Be3 a6 11. O-O-O Ke7 12. Rd2 b5 13. Rhd1 b4 14. Na4
Nxe4 15. Re2 Nef6 16. Bg5 h6 17. Bh4 g5 18. Bg3 e4 19. Nd4 Bxg3 20. Nc6+ Kf7 21.
fxg3 Rhe8 22. c3 bxc3 23. Nxc3 Nc5 24. Ne5+ Kg7 25. b4 Nd3+ 26. Nxd3 exd3 27.
Rxd3 Rad8 28. Rxd8 Rxd8 29. Rxe6 Rd3 30. Ne2 Ra3 31. Kb2 Rd3 32. Kc2 Ra3 33. Nc3
a5 34. b5 Kg8 35. Rxf6 Kg7 36. Rf3 a4 37. Kb2 Rxc3 38. Rxc3 1-0

[Event "Titled Tue 10th Jun Late"]
[Site "chess.com INT"]
[Date "2025.06.10"]
[Round "11"]
[White "Halynyazov, Vepaly"]
[Black "Stojanovski, Sandi"]
[Result "1-0"]
[BlackTitle "FM"]
[WhiteElo "2189"]
[BlackElo "2169"]
[WhiteFideId "14004020"]
[BlackFideId "1403249"]
[EventDate "2025.06.10"]

1. d4 d6 2. e4 Nf6 3. Nc3 g6 4. Be3 c6 5. Qd2 Nbd7 6. O-O-O Qc7 7. Nf3 Bg7 8.
Bh6 O-O 9. Bxg7 Kxg7 10. h4 h6 11. h5 g5 12. Kb1 e5 13. dxe5 dxe5 14. Bc4 Nb6
15. Bb3 Bg4 16. Nxg5 Rad8 17. Qe3 Bxd1 18. Nxd1 Ng4 19. Qg3 hxg5 20. Qxg4 Rxd1+
21. Rxd1 Kh6 22. Qf5 Qe7 23. a3 Rd8 24. Rxd8 Qxd8 25. Qxf7 Qd1+ 26. Ka2 Qd6 27.
Be6 a5 28. Qg6# 1-0

[Event "Titled Tue 10th Jun Late"]
[Site "chess.com INT"]
[Date "2025.06.10"]
[Round "11"]
[White "Hernandez Bermudez, Ulises Eduardo"]
[Black "Graif, William"]
[Result "1-0"]
[BlackTitle "FM"]
[WhiteElo "2042"]
[BlackElo "2211"]
[WhiteFideId "3902510"]
[BlackFideId "2609835"]
[EventDate "2025.06.10"]

1. e4 e5 2. f4 d5 3. exd5 c6 4. Nc3 exf4 5. Nf3 Nf6 6. d4 Bd6 7. dxc6 O-O 8. Be2
Nxc6 9. O-O Re8 10. Kh1 Ng4 11. Bd3 Nb4 12. Bc4 Bf5 13. Bb3 Ne3 14. Bxe3 fxe3
15. Qe2 Bg6 16. a3 Nc6 17. Rae1 Qd7 18. Qb5 a6 19. Qd5 Rad8 20. Ng5 Re7 21. Qf3
Rf8 22. Nd5 Nxd4 23. Nxe7+ 1-0

[Event "Titled Tue 10th Jun Late"]
[Site "chess.com INT"]
[Date "2025.06.10"]
[Round "11"]
[White "Slate, Kent"]
[Black "Bratovic, Blaz"]
[Result "0-1"]
[BlackTitle "IM"]
[WhiteElo "2082"]
[BlackElo "2319"]
[WhiteFideId "30961564"]
[BlackFideId "14603551"]
[EventDate "2025.06.10"]

1. Nf3 f5 2. c4 Nf6 3. g3 e6 4. Bg2 Be7 5. O-O O-O 6. b3 d6 7. d4 Qe8 8. Nc3 Ne4
9. Bb2 Bd7 10. Nd2 Nxc3 11. Bxc3 Nc6 12. d5 exd5 13. Bxd5+ Kh8 14. Re1 Bf6 15.
Rc1 Bxc3 16. Rxc3 Qg6 17. Nf3 Rae8 18. Nh4 Qf6 19. Rf3 Ne5 20. Re3 f4 21. Rxe5
fxg3 22. fxg3 Rxe5 23. Bxb7 Qf2+ 24. Kh1 Bh3 25. Bg2 Bxg2+ 26. Nxg2 Rh5 27. e4
Rh6 28. Nh4 g5 29. Ng2 Qxg3 30. h4 Rxh4+ 31. Nxh4 Qxh4+ 32. Kg1 Qf2+ 33. Kh1 Rf4
34. Qd4+ Qxd4 0-1

[Event "Titled Tue 10th Jun Late"]
[Site "chess.com INT"]
[Date "2025.06.10"]
[Round "11"]
[White "Odegov, Artem"]
[Black "Esipenko, Andrey"]
[Result "0-1"]
[WhiteTitle "FM"]
[BlackTitle "GM"]
[WhiteElo "2244"]
[BlackElo "2689"]
[WhiteFideId "34183644"]
[BlackFideId "24175439"]
[EventDate "2025.06.10"]

1. d4 f5 2. e4 fxe4 3. Nc3 Nf6 4. Bg5 c6 5. f3 Qb6 6. Rb1 exf3 7. Nxf3 g6 8. h4
Bg7 9. Bxf6 Bxf6 10. h5 g5 11. Ne4 d5 12. Nexg5 h6 13. Nh3 Bg4 14. Bd3 Nd7 15.
Bg6+ Kd8 16. Nf4 e5 17. dxe5 Nxe5 18. Qe2 Nxg6 19. Ne6+ Bxe6 20. hxg6 Re8 21. g7
Bg8 22. Qe3 0-1

[Event "Titled Tue 10th Jun Late"]
[Site "chess.com INT"]
[Date "2025.06.10"]
[Round "11"]
[White "Buchenau, Frank"]
[Black "Gutierrez Carmona, Juan Alejandro"]
[Result "1-0"]
[WhiteTitle "FM"]
[BlackTitle "FM"]
[WhiteElo "2205"]
[BlackElo "2036"]
[WhiteFideId "4604350"]
[BlackFideId "5106770"]
[EventDate "2025.06.10"]

1. e4 e6 2. d4 d5 3. Nd2 h6 4. Ngf3 Nf6 5. Bd3 c5 6. e5 Nfd7 7. c3 Nc6 8. Be2
Qb6 9. Nb3 a5 10. a4 Be7 11. O-O g5 12. h3 Qd8 13. Nh2 b6 14. f4 Bb7 15. f5 exf5
16. Rxf5 Qc7 17. Bh5 Nd8 18. e6 Nf6 19. exf7+ Nxf7 20. Qe2 Kf8 21. Qe6 Rh7 22.
Rxf6 Bxf6 23. Qxf6 Re8 24. Bd2 Re2 25. Rf1 1-0

[Event "Titled Tue 10th Jun Late"]
[Site "chess.com INT"]
[Date "2025.06.10"]
[Round "11"]
[White "Huston, Gus"]
[Black "Timmermans, Mark"]
[Result "1-0"]
[WhiteTitle "IM"]
[BlackTitle "IM"]
[WhiteElo "2315"]
[BlackElo "2405"]
[WhiteFideId "30909090"]
[BlackFideId "1026399"]
[EventDate "2025.06.10"]

1. d4 Nf6 2. Nc3 d5 3. Bf4 e6 4. e3 Bd6 5. Qf3 O-O 6. h4 b6 7. h5 Bb7 8. h6 g6
9. Bxd6 cxd6 10. a4 Nbd7 11. a5 bxa5 12. Nge2 Ne4 13. Nxe4 dxe4 14. Qg3 d5 15.
Nc1 Bc6 16. Qd6 Rc8 17. Ba6 Qc7 18. Qxc7 Rxc7 19. Rxa5 Rb8 20. Nb3 f6 21. Kd2
Kf7 22. Rha1 Ke7 23. Be2 Ra8 24. Nc5 Nb6 25. b3 Bd7 26. Bb5 Bxb5 27. Rxb5 Nc8
28. Rba5 Nd6 29. Ra6 e5 30. c3 exd4 31. cxd4 g5 32. g4 Rac8 33. Rxa7 Nf7 34. b4
Nxh6 35. b5 Rxa7 36. Rxa7+ Kd6 37. Rd7# 1-0

[Event "Titled Tue 10th Jun Late"]
[Site "chess.com INT"]
[Date "2025.06.10"]
[Round "11"]
[White "Gorbenko, Rustem"]
[Black "Loya Ibarra, Rigoberto"]
[Result "1-0"]
[WhiteTitle "CM"]
[WhiteElo "2201"]
[BlackElo "2069"]
[WhiteFideId "14111438"]
[BlackFideId "5110688"]
[EventDate "2025.06.10"]

1. d4 d5 2. c4 e6 3. Nc3 Nf6 4. Nf3 Bb4 5. Qa4+ Nc6 6. e3 O-O 7. Qc2 Ne4 8. a3
Bxc3+ 9. bxc3 Ne7 10. Bd3 f5 11. O-O Ng6 12. cxd5 exd5 13. c4 c6 14. Nd2 Qg5 15.
f3 Qxe3+ 16. Kh1 Nf2+ 17. Rxf2 Qxf2 18. cxd5 Nh4 19. Bf1 f4 20. dxc6 Bh3 21.
gxh3 Nxf3 22. Qb3+ Kh8 23. Qxf3 Qxd4 24. cxb7 Rae8 25. Rb1 Qd6 26. Ne4 Qg6 27.
Bg2 h6 28. Bxf4 Qf7 29. b8=Q 1-0

[Event "Titled Tue 10th Jun Late"]
[Site "chess.com INT"]
[Date "2025.06.10"]
[Round "11"]
[White "Kislinsky, Alexey"]
[Black "Stefansson, Vignir Vatnar"]
[Result "1-0"]
[WhiteTitle "GM"]
[BlackTitle "GM"]
[WhiteElo "2341"]
[BlackElo "2515"]
[WhiteFideId "14108801"]
[BlackFideId "2308649"]
[EventDate "2025.06.10"]

1. d4 g6 2. c3 Bg7 3. Nf3 d6 4. Bf4 Nf6 5. e3 O-O 6. h3 Nbd7 7. a4 c5 8. a5 Rb8
9. Be2 b6 10. axb6 axb6 11. O-O b5 12. Nbd2 Bb7 13. Qc2 Qb6 14. Bh2 Rfe8 15.
Rfc1 e5 16. dxe5 dxe5 17. Ng5 c4 18. Nge4 Nxe4 19. Nxe4 f5 20. Nd2 Nc5 21. Rd1
Rbd8 22. Nf3 Nd3 23. b3 f4 24. bxc4 bxc4 25. Bxd3 cxd3 26. Rxd3 Rc8 27. Rb1 Qa6
28. Qb3+ Kh8 29. Ng5 h6 30. Rd7 Ba8 31. Rxg7 1-0

[Event "Titled Tue 10th Jun Late"]
[Site "chess.com INT"]
[Date "2025.06.10"]
[Round "11"]
[White "Movahed, Sina"]
[Black "Maghsoodloo, Parham"]
[Result "1-0"]
[WhiteTitle "GM"]
[BlackTitle "GM"]
[WhiteElo "2544"]
[BlackElo "2691"]
[WhiteFideId "42520835"]
[BlackFideId "12539929"]
[EventDate "2025.06.10"]

1. e4 c5 2. Nf3 e6 3. d4 cxd4 4. Nxd4 a6 5. Bd3 Bc5 6. Nb3 Ba7 7. Qf3 Nc6 8. Qg3
Nf6 9. e5 Nh5 10. Qh3 g6 11. g4 Ng7 12. Qh6 O-O 13. Bg5 Qb6 14. O-O Ne8 15. Nc3
Qc7 16. Rae1 Nxe5 17. Be7 Ng7 18. Bf6 Nf3+ 19. Kh1 Ne8 20. Be7 Ng7 21. Ne4 f5
22. gxf5 Nxf5 23. Qxf8# 1-0

[Event "Titled Tue 10th Jun Late"]
[Site "chess.com INT"]
[Date "2025.06.10"]
[Round "11"]
[White "Hartge, Gedeon"]
[Black "Perez, Maximiliano"]
[Result "0-1"]
[WhiteTitle "FM"]
[BlackTitle "IM"]
[WhiteElo "2328"]
[BlackElo "2362"]
[WhiteFideId "12932116"]
[BlackFideId "117234"]
[EventDate "2025.06.10"]

1. e4 c5 2. Nf3 d6 3. d4 cxd4 4. Nxd4 Nf6 5. Nc3 a6 6. Bc4 e6 7. O-O Be7 8. a4
O-O 9. Be3 Qc7 10. Qe2 Nc6 11. f4 Bd7 12. Rae1 Rac8 13. Bd3 Nb4 14. g4 Nxd3 15.
cxd3 Ne8 16. f5 Bf6 17. g5 Be5 18. g6 hxg6 19. fxg6 fxg6 20. Qg2 Rxf1+ 21. Rxf1
Nf6 22. Qxg6 Be8 23. Qg2 Qe7 24. Nce2 Bf7 25. Bg5 Rf8 26. Nf3 Bxb2 27. d4 Bh5
28. Kh1 Qf7 29. Qh3 Nxe4 30. Qg2 Bxf3 0-1

[Event "Titled Tue 10th Jun Late"]
[Site "chess.com INT"]
[Date "2025.06.10"]
[Round "11"]
[White "Quinones Garcia, Santiago"]
[Black "Skramstad, Oda Kofoed"]
[Result "0-1"]
[WhiteTitle "FM"]
[BlackTitle "WCM"]
[WhiteElo "2259"]
[BlackElo "1898"]
[WhiteFideId "4408497"]
[BlackFideId "1564862"]
[EventDate "2025.06.10"]

1. d4 Nf6 2. c4 g6 3. Nc3 Bg7 4. e4 d6 5. Nf3 O-O 6. Be2 e5 7. O-O exd4 8. Nxd4
Re8 9. f3 c6 10. Be3 a6 11. Qd2 Nbd7 12. Rfd1 Qe7 13. Rac1 d5 14. cxd5 cxd5 15.
Bg5 dxe4 16. Nxe4 Nxe4 17. fxe4 Bxd4+ 18. Qxd4 Qxg5 19. Rc7 Ne5 20. Rf1 Be6 21.
h4 Qg3 22. h5 Rad8 23. Qc5 Rd2 0-1

[Event "Titled Tue 10th Jun Late"]
[Site "chess.com INT"]
[Date "2025.06.10"]
[Round "11"]
[White "Rajaram, Rohan"]
[Black "Venkatesh, Narayan"]
[Result "1-0"]
[WhiteTitle "CM"]
[BlackTitle "FM"]
[WhiteElo "2164"]
[BlackElo "2168"]
[WhiteFideId "30940729"]
[BlackFideId "30987881"]
[EventDate "2025.06.10"]

1. Nf3 Nc6 2. e4 d6 3. d4 g6 4. d5 Ne5 5. Nxe5 dxe5 6. Nc3 Bg7 7. Be3 e6 8. dxe6
Bxe6 9. Qxd8+ Rxd8 10. Nb5 Rd7 11. Nxa7 c6 12. Nc8 Nf6 13. Nb6 Rd8 14. f3 O-O
15. Bd3 Ne8 16. O-O Nd6 17. Bc5 Rfe8 18. Rfd1 Nc8 19. Be2 Bf6 20. a4 Nxb6 21.
Bxb6 Ra8 22. a5 Bd8 23. b4 Bxb6+ 24. axb6 Kf8 25. c4 Ke7 26. c5 Bb3 27. Rdb1 Be6
28. b5 Bd7 29. bxc6 Bxc6 30. Bc4 Red8 31. Rxa8 Rxa8 32. Bd5 Rc8 33. Rc1 Kd7 34.
Bxf7 Ke7 35. Bd5 Kd7 36. Kf2 Ke7 37. Rd1 Bxd5 38. Rxd5 Ke6 39. Kg3 h6 40. h4 Rg8
41. Rd6+ Ke7 42. Rd5 Ke6 43. f4 exf4+ 44. Kxf4 Rf8+ 45. Ke3 Rc8 46. Rd6+ Ke7 47.
Rxg6 Rxc5 48. Rxh6 Rc3+ 49. Kf4 Kd8 50. Rh7 Kc8 51. Rc7+ Rxc7 52. bxc7 b5 53. h5
Kxc7 54. h6 b4 55. h7 b3 56. h8=Q b2 57. Qxb2 1-0

[Event "Titled Tue 10th Jun Late"]
[Site "chess.com INT"]
[Date "2025.06.10"]
[Round "11"]
[White "Bacus, Dharim"]
[Black "Vasquez Schroeder, Rodrigo"]
[Result "0-1"]
[WhiteTitle "FM"]
[BlackTitle "GM"]
[WhiteElo "2131"]
[BlackElo "2446"]
[WhiteFideId "5201527"]
[BlackFideId "3400042"]
[EventDate "2025.06.10"]

1. e4 e6 2. d4 d5 3. Nd2 Nf6 4. e5 Nfd7 5. Bd3 c5 6. c3 Nc6 7. Ne2 cxd4 8. cxd4
Nb6 9. O-O Bd7 10. Nf3 Nb4 11. Bb1 Ba4 12. b3 Bb5 13. a3 Nc6 14. Re1 Be7 15. Ng3
Qd7 16. Nh5 Bf8 17. Bg5 h6 18. Bh4 Nc8 19. b4 Bc4 20. Nd2 Ba6 21. Nb3 b6 22. Qg4
N8e7 23. Nxg7+ Bxg7 24. Qxg7 O-O-O 25. Qxf7 Rdf8 26. Qh5 Bc4 27. Nd2 Nxd4 28.
Nxc4 dxc4 29. Be4 Nd5 30. Rac1 b5 31. Rcd1 Nc3 32. Bf6 Rhg8 33. Rc1 Nxe4 34.
Rxe4 Qd5 35. Qh4 Ne2+ 36. Kf1 Nxc1 37. g3 Nd3 38. Kg1 h5 39. Rd4 Qf3 40. Qh3
Qxf2+ 41. Kh1 Qxd4 0-1

[Event "Titled Tue 10th Jun Late"]
[Site "chess.com INT"]
[Date "2025.06.10"]
[Round "11"]
[White "Szpar, Milosz"]
[Black "Schernthaner, David"]
[Result "1-0"]
[WhiteTitle "IM"]
[BlackTitle "FM"]
[WhiteElo "2495"]
[BlackElo "2401"]
[WhiteFideId "1184989"]
[BlackFideId "1649574"]
[EventDate "2025.06.10"]

1. e4 a6 2. d4 g6 3. Bd3 Bg7 4. Nf3 d6 5. O-O Nd7 6. Re1 c5 7. e5 e6 8. Bg5 Qc7
9. Nc3 cxd4 10. exd6 Qxd6 11. Ne4 Qd5 12. Bc4 Qc6 13. Nxd4 Qb6 14. Bxe6 Qxd4 15.
Nd6+ Kf8 16. Qf3 Ngf6 17. Nxf7 Nc5 18. Rad1 Nxe6 19. Rxd4 Nxd4 20. Qa3+ Kxf7 21.
Qe7+ Kg8 22. Qd8+ Bf8 23. Qxf6 Nf5 24. Re8 b5 25. Qxf8# 1-0

[Event "Titled Tue 10th Jun Late"]
[Site "chess.com INT"]
[Date "2025.06.10"]
[Round "11"]
[White "Unver, Cumayi"]
[Black "Mafra, Kaiser Luiz"]
[Result "1-0"]
[BlackTitle "CM"]
[WhiteElo "2012"]
[BlackElo "2076"]
[WhiteFideId "6304940"]
[BlackFideId "2106698"]
[EventDate "2025.06.10"]

1. d4 Nf6 2. Nc3 g6 3. Bf4 Bg7 4. Qd2 d6 5. Bh6 Bxh6 6. Qxh6 Nbd7 7. e4 c5 8.
Nf3 cxd4 9. Nxd4 Qb6 10. O-O-O Nc5 11. f3 Be6 12. Bb5+ Bd7 13. Bxd7+ Ncxd7 14.
Kb1 O-O-O 15. Qd2 Ne5 16. Nb3 Kb8 17. Qd4 Qa6 18. Qa4 Qb6 19. Nd5 Nxd5 20. Rxd5
Rc8 21. Rb5 Qc6 22. Na5 Qa6 23. Rxb7+ Ka8 24. Rxe7 Nc4 25. b4 Nb6 26. Qb3 Qb5
27. a3 Na4 28. Qxf7 Nc3+ 29. Ka1 Qa6 30. Rc7 Nb5 31. Qd5+ Kb8 32. Rb7+ 1-0

[Event "Titled Tue 10th Jun Late"]
[Site "chess.com INT"]
[Date "2025.06.10"]
[Round "11"]
[White "Miserendino, Alfredo"]
[Black "Shapiro, Daniel"]
[Result "0-1"]
[BlackTitle "FM"]
[WhiteElo "2032"]
[BlackElo "2284"]
[WhiteFideId "101800"]
[BlackFideId "2001780"]
[EventDate "2025.06.10"]

1. e4 c5 2. Nf3 Nc6 3. Bb5 Nf6 4. Bxc6 dxc6 5. e5 Nd5 6. O-O g6 7. Nc3 Bg7 8.
Ne4 b6 9. c3 O-O 10. d4 cxd4 11. cxd4 h6 12. Bd2 Nc7 13. Be3 Bf5 14. Ng3 Be6 15.
Qd2 Kh7 16. h4 f5 17. exf6 exf6 18. h5 g5 19. Qc2+ f5 20. Qxc6 f4 21. Rac1 Rc8
22. Qe4+ Kh8 23. Ne5 Bd5 24. Ng6+ Kg8 25. Ne7+ Kf7 26. Nxd5 fxe3 27. Nxc7 Rxc7
28. fxe3+ Kg8 0-1

[Event "Titled Tue 10th Jun Late"]
[Site "chess.com INT"]
[Date "2025.06.10"]
[Round "11"]
[White "Dauer, Andre Leonardo"]
[Black "Varela La Madrid, Maria"]
[Result "0-1"]
[WhiteTitle "CM"]
[BlackTitle "WFM"]
[WhiteElo "2138"]
[BlackElo "1981"]
[WhiteFideId "2126915"]
[BlackFideId "3903346"]
[EventDate "2025.06.10"]

1. e4 c5 2. Nf3 d6 3. g3 Nc6 4. Bg2 Nf6 5. d3 e6 6. O-O Be7 7. Re1 O-O 8. c3 Bd7
9. d4 cxd4 10. cxd4 d5 11. e5 Ne4 12. Nbd2 Nxd2 13. Bxd2 a5 14. Rc1 b5 15. Qe2
Qb6 16. Rc2 Nxd4 17. Nxd4 Qxd4 18. Rec1 Qb6 19. Rc7 Ra7 20. Be3 d4 21. Rxa7 Qxa7
22. Bf4 Qb6 23. Qg4 Rc8 24. Rxc8+ Bxc8 25. h4 Bb7 26. Bh6 Bf8 27. Bxb7 Qxb7 28.
Bd2 Qd5 29. Bxa5 Qxa2 30. Bb6 d3 31. Qd4 Qd5 32. Qxd5 exd5 33. Be3 Bc5 34. Bd2
Bd4 35. b3 Bxe5 36. Kf1 f5 37. f4 Bd4 38. Ke1 Kf7 39. Bb4 Ke6 40. Bf8 g6 41. Bb4
Be3 42. Bd2 d4 43. Bb4 Kd5 44. Ba3 Ke4 45. Bc5 Kf3 0-1

[Event "Titled Tue 10th Jun Late"]
[Site "chess.com INT"]
[Date "2025.06.10"]
[Round "11"]
[White "Kilic, Eray"]
[Black "Deac, Bogdan-Daniel"]
[Result "0-1"]
[WhiteTitle "IM"]
[BlackTitle "GM"]
[WhiteElo "2474"]
[BlackElo "2674"]
[WhiteFideId "44517173"]
[BlackFideId "1226380"]
[EventDate "2025.06.10"]

1. e4 e6 2. d4 d5 3. e5 c5 4. c3 Nc6 5. Nf3 Bd7 6. Bd3 Qb6 7. dxc5 Bxc5 8. O-O
Qc7 9. Bf4 Nge7 10. Bg3 Ng6 11. Re1 a6 12. Nbd2 O-O 13. h4 h6 14. h5 Nge7 15.
Nb3 Ba7 16. Nfd4 Nxd4 17. cxd4 Ba4 18. Qg4 Bxb3 19. axb3 Qb6 20. Rad1 Kh8 21.
Bb1 Qxb3 22. Bf4 Rac8 23. Qh4 Ng8 24. Qg4 Qxb2 25. Rd2 Qb4 26. Red1 Rc4 27. Be3
Rfc8 28. Kh2 Qe7 29. Rd3 b5 30. Bf4 Rc3 31. Bg3 b4 32. Rxc3 Rxc3 33. Qe2 a5 34.
Qa6 Qc7 35. f4 Qb6 36. Qe2 Qd8 37. f5 Qg5 38. fxe6 Qxg3+ 39. Kh1 fxe6 40. Bg6
Qh4+ 41. Kg1 Bxd4+ 42. Rxd4 Qxd4+ 43. Kh2 Qh4+ 44. Kg1 Rc1+ 45. Qd1 Rxd1# 0-1

[Event "Titled Tue 10th Jun Late"]
[Site "chess.com INT"]
[Date "2025.06.10"]
[Round "11"]
[White "Zlatin, Alexander"]
[Black "Guerra Mendez, Jose Angel"]
[Result "0-1"]
[WhiteTitle "FM"]
[BlackTitle "GM"]
[WhiteElo "2313"]
[BlackElo "2478"]
[WhiteFideId "2810549"]
[BlackFideId "3508129"]
[EventDate "2025.06.10"]

1. e4 c5 2. Nf3 d6 3. d4 cxd4 4. Nxd4 Nf6 5. f3 Nc6 6. c3 e5 7. Nc2 d5 8. exd5
Qxd5 9. Qxd5 Nxd5 10. Ne3 Be6 11. Nxd5 Bxd5 12. Kf2 Bc5+ 13. Be3 Bxe3+ 14. Kxe3
f5 15. Nd2 O-O-O 16. Bc4 Na5 17. Bxd5 Rxd5 18. b4 Rhd8 19. Nf1 Nc4+ 20. Ke2 Rd3
21. Rc1 g6 22. h4 h5 23. Rh3 f4 24. g3 Ne3 25. gxf4 exf4 26. Kf2 Nxf1 27. Kxf1
Rd2 28. Kg1 Rxa2 29. Rh2 Rxh2 30. Kxh2 Rd2+ 31. Kh1 b5 32. Rg1 Rd6 33. Rg5 a6
34. Rc5+ Kd7 35. Kg2 Rc6 36. Rd5+ Ke6 37. Rd8 Rxc3 38. Rg8 Kf7 39. Ra8 Rc6 40.
Rb8 Ke6 41. Rg8 Kd5 0-1